[Event "Fremont Weibel Quads 2"]
[Site "Fremont"]
[Date "2005.07.17"]
[Round "3"]
[White "Lin, Sally"]
[Black "Subramaniam, Narayan"]
[Result "1/2-1/2"]
[WhiteElo "1038"]
[BlackElo "1021"]
[PlyCount "67"]
[EventDate "2005.07.16"]
[EventType "swiss"]
[EventRounds "3"]
[EventCountry "USA"]
[SourceTitle "EXT 2009"]
[Source "ChessBase"]
[SourceDate "2008.11.26"]
[SourceVersion "1"]
[SourceVersionDate "2008.11.26"]
[SourceQuality "1"]

1. e4 e6 2. d4 d5 3. exd5 exd5 4. Nf3 Nf6 5. Bd3 Bd6 6. 0-0 0-0 7. Nc3 Bg4 8. Bg5 Be7 9. Re1 Nc6 10. Bb5 h6 11. Bf4 Bd6 12. Bxd6 Qxd6 13. Bxc6 Qxc6 14. h3 Bh5 15. Ne5 Bxd1 16. Nxc6 bxc6 17. Raxd1 Rfe8 18. Na4 Rxe1+ 19. Rxe1 Re8 20. Rxe8+ Nxe8 21. b3 Kf8 22. c4 Ke7 23. Kf1 Ke6 24. Ke2 Nd6 25. cxd5+ Kxd5 26. Kd3 Nb5 27. Nc3+ Nxc3 28. Kxc3 c5 29. dxc5 Kxc5 30. b4+ Kb5 31. Kb3 a5 32. bxa5 Kxa5 33. g4 g5 34. a4 1/2-1/2